000 00471nam a2200193Ia 4500
003 0100
008 130303s9999 xx 000 0 und d
040 _cARRUPELIB
050 _aBJ1411.S36
100 _aScanlon, T.M.
245 _aWhat we owe to each other
260 _aCambridge
260 _bThe Belknap Press
260 _C1998
300 _a420p.
300 _b 23 cm
650 _bAmerican Board of Commissioners for Foreign Missions
942 _2lcc
_01
999 _c67714
_d67714